Detalles MARC
| 000 -LEADER |
| fixed length control field |
02084nam a2200313 i 4500 |
| 001 - CONTROL NUMBER |
| control field |
000020191 |
| 003 - CONTROL NUMBER IDENTIFIER |
| control field |
DO-SdBPM |
| 005 - DATE AND TIME OF LATEST TRANSACTION |
| control field |
20250822085411.0 |
| 007 - PHYSICAL DESCRIPTION FIXED FIELD--GENERAL INFORMATION |
| fixed length control field |
ta |
| 008 - FIXED-LENGTH DATA ELEMENTS--GENERAL INFORMATION |
| fixed length control field |
100727s2008 dr a 000 0 spa d |
| 040 ## - CATALOGING SOURCE |
| Original cataloging agency |
DO-SdBPM |
| Language of cataloging |
spa |
| Transcribing agency |
BPMSU |
| Description conventions |
rda |
| 049 ## - LOCAL HOLDINGS (OCLC) |
| Holding library |
|
| 082 #4 - DEWEY DECIMAL CLASSIFICATION NUMBER |
| Classification number |
972.93054 |
| Item number |
H887h 2008 |
| Edition number |
22 |
| 245 00 - TITLE STATEMENT |
| Title |
Huellas de héroes, Abril 1965, efemérides de una gesta / |
| Statement of responsibility, etc. |
dibujos: Rafael Hutchinson |
| 250 ## - EDITION STATEMENT |
| Edition statement |
2a. edición ampliada y revisada |
| 264 ## - PRODUCTION, PUBLICATION, DISTRIBUTION, MANUFACTURE, AND COPYRIGHT NOTICE |
| Place of production, publication, distribution, manufacture |
Santo Domingo : |
| Name of producer, publisher, distributor, manufacturer |
Talleres Gráficos 16, |
| -- |
CPEP, |
| Date of production, publication, distribution, manufacture, or copyright notice |
2008. |
| 300 ## - PHYSICAL DESCRIPTION |
| Extent |
17 [2] páginas |
| Other physical details |
ilustraciones |
| Dimensions |
22 cm. |
| 336 ## - CONTENT TYPE |
| Source |
rdacontent |
| Content type term |
texto |
| Content type code |
txt |
| 337 ## - MEDIA TYPE |
| Source |
rdamedia |
| Media type term |
sin mediación |
| Media type code |
n |
| 338 ## - CARRIER TYPE |
| Source |
rdacarrier |
| Carrier type term |
volumen |
| Carrier type code |
nc |
| 505 0# - FORMATTED CONTENTS NOTE |
| Formatted contents note |
Presentación. 1 - José Francisco Peña Gómez convoca a la revoluciona constitucionalista. 2 - Derrocamiento del Triunvirato presidido por Donald J. Reid Cabral. 3 - Bombardeos sobre Palacio y Puente Duarte. La Batalla del Puente. 4 - Invasión militar de Estados Unidos. 5 - Establecimiento del "Corredor de seguridad". 6. - Los Constitucionalistas se atrincheran en 11 barrios de Santo Domingo. 7. - Tomas de la Fortaleza Ozama por los Constitucionalistas. 9 - juramentación del Gobierno Constitucionalista. 10. - Creación de la Fuerza Interamericana de Paz. 11 - Asalto al Palacio Nacional 12 - Asedio de Santo Domingo desde la azotea de Molinos Dominicanos. 13 - Ataques norteamericanos a la 15 y 16 de junio. 14 - Segundo ataque norteamericano a la Zona Constitucionalista. 15 - Firma de los acuerdos de paz. 16 - Renuncia del presidente Francisco Alberto Caamaño Deño. 17. - Toma de posesión del gobierno provisional de Héctor García-Godoy. 18 - Regreso de Juan Bosch |
| 590 ## - LOCAL NOTE (RLIN) |
| Local note |
Inventariado, 2025/ VM |
| 651 #7 - SUBJECT ADDED ENTRY--GEOGRAPHIC NAME |
| Geographic name |
República dominicana |
| General subdivision |
Historia |
| Chronological subdivision |
Revolución, 1965 |
| 651 #7 - SUBJECT ADDED ENTRY--GEOGRAPHIC NAME |
| Geographic name |
República Dominicana |
| General subdivision |
Historia |
| Chronological subdivision |
Golpe de Estado, 1963 |
| 700 1# - ADDED ENTRY--PERSONAL NAME |
| Personal name |
Hutchinson, Rafael |
| Relator term |
ilustración |
| 710 2# - ADDED ENTRY--CORPORATE NAME |
| Corporate name or jurisdiction name as entry element |
República Dominicana |
| Subordinate unit |
Comisión Permanente de Efemérides Patria |
| 910 ## - USER-OPTION DATA (OCLC) |
| User-option data |
VMateo V. Control de dalidad. BPMSU |
| 942 ## - ADDED ENTRY ELEMENTS (KOHA) |
| Source of classification or shelving scheme |
Dewey Decimal Classification |
| Koha item type |
Libros |